Catalog

Record Details

Catalog Search



Vědci v mateřské škole : aktivity pro malé badatele  Cover Image Book Book

Vědci v mateřské škole : aktivity pro malé badatele / Ivana Rochovská, Dagmar Krupová ; ze slovenštiny přeložila Michaela Škultéty

Record details

  • ISBN: 978-80-262-0818-1
  • Physical Description: 133 stran : barevné ilustrace ; 23 cm
  • Edition: Vydání první
  • Publisher: Praha : Portál, 2015

Content descriptions

Bibliography, etc. Note:
Obsahuje bibliografii
Subject: předškolní výchova
vzdělávací programy
přírodní vědy
badatelsky orientovaná výuka
konstruktivistická pedagogika
preschool education
educational programs
natural sciences
enquiry-based instruction
constructivist education
Genre: metodické příručky
methodological manuals

Available copies

  • 1 of 1 copy available at Common Catalog SPOK.

Holds

  • 0 current holds with 1 total copy.
Show All Copies
Location Call Number / Copy Notes Barcode Shelving Location Status Due Date
Jabok Library Ped-3.5.1/R 424480036807 Odborná literatura Available -

LDR 01975nam a2200541 i 4500
00123412
003CZ-PrJAB
00520151216094830.0
007ta
008150423s2015 xr a e f 000 0 cze
015 . ‡acnb002695783
020 . ‡a978-80-262-0818-1 ‡q(brožováno)
035 . ‡a(CZ PrNK)nkc20152695783
035 . ‡a(OCoLC)918010120
040 . ‡aABA001 ‡bcze ‡dOLA001 ‡erda
0411 . ‡acze ‡hslo
072 7. ‡a373.2/.3 ‡xPředškolní a primární výchova a vzdělávání ‡2Konspekt ‡922
080 . ‡a373.2 ‡2MRF
080 . ‡a371.214 ‡2MRF
080 . ‡a5 ‡2MRF
080 . ‡a371.314.6:159.955 ‡2MRF
080 . ‡a37.013 ‡2MRF
080 . ‡a(072) ‡2MRF
1001 . ‡aRochovská, Ivana ‡7ola2015876883 ‡4aut
24510. ‡aVědci v mateřské škole : ‡baktivity pro malé badatele / ‡cIvana Rochovská, Dagmar Krupová ; ze slovenštiny přeložila Michaela Škultéty
250 . ‡aVydání první
264 1. ‡aPraha : ‡bPortál, ‡c2015
300 . ‡a133 stran : ‡bbarevné ilustrace ; ‡c23 cm
336 . ‡atext ‡btxt ‡2rdacontent
337 . ‡abez média ‡bn ‡2rdamedia
338 . ‡asvazek ‡bnc ‡2rdacarrier
504 . ‡aObsahuje bibliografii
65007. ‡apředškolní výchova ‡7ph124887 ‡2czenas
65007. ‡avzdělávací programy ‡7ph127309 ‡2czenas
65007. ‡apřírodní vědy ‡7ph115999 ‡2czenas
65007. ‡abadatelsky orientovaná výuka ‡7ph862593 ‡2czenas
65007. ‡akonstruktivistická pedagogika ‡7ph114972 ‡2czenas
65009. ‡apreschool education ‡2eczenas
65009. ‡aeducational programs ‡2eczenas
65009. ‡anatural sciences ‡2eczenas
65009. ‡aenquiry-based instruction ‡2eczenas
65009. ‡aconstructivist education ‡2eczenas
655 7. ‡ametodické příručky ‡7fd132826 ‡2czenas
655 9. ‡amethodological manuals ‡2eczenas
7001 . ‡aKrupová, Dagmar, ‡d1961- ‡7ola2015876896 ‡4aut
7001 . ‡aŠkultéty, Michaela, ‡d1972- ‡7mzk2003188779 ‡4trl
910 . ‡aABG312
901 . ‡a23412 ‡b ‡c23412 ‡tbiblio

Additional Resources